000 01263nam a22003617a 4500
003 CHAP
005 20220329133742.0
008 971013s1967 r 00010 d
010 _a10347
011 _a11319
035 _a10557
040 _cCHAP
090 _aFolleto 2677y
100 0 0 _aDahle, Robert D.
_930896
245 1 _aRefrigeración de arándanos azules
260 _aMéxico, D.F. :
_bCentro Regional de Ayuda Técnica,
_c1967
300 _a11 p
490 _aPlaneamiento para la elaboración de productos agrícolas
590 _aBATCH-UPD
_b10
_c20130110
_lUCH01
_h0017
590 _aBATCH-UPD
_b10
_c20130110
_lUCH01
_h2253
590 _aBATCH-UPD
_b10
_c20130409
_lUCH01
_h1955
590 _aBATCH-UPD
_b10
_c20130410
_lUCH01
_h1546
590 _aBATCH-UPD
_b10
_c20130914
_lUCH01
_h0437
590 _aBATCH-UPD
_b10
_c20130914
_lUCH01
_h2112
590 _aCONVERSION
_b10
_c20130109
_lUCH01
_h1307
650 1 4 _aArándano congelado.
_97297
710 0 _aCentro Regional de Ayuda Técnica.
_921261
830 0 _aPlaneamiento para la elaboración de productos agrícolas
_988731
901 _aBK
942 _cFOLL
949 _aFolleto 2677y
_bBC
_cFOLL
_d-22229
_eTS1
_i10557
_mD
_si
949 _aFolleto 2677y
_bBC
_cFOLL
_d-22230
_eTS2
_fc.2
_i10557
_mD
_si
999 _c10347
_d10347